|
|
|
|
| LEADER |
00649nta a2200169 i 4500 |
| 001 |
dipl81726 |
| 005 |
20191112121902.0 |
| 008 |
191112s2019 hu om 0|| zxx d |
| 040 |
|
|
|a SZTE Diploma Repozitórium
|b hun
|
| 041 |
|
|
|a zxx
|
| 100 |
1 |
|
|a Farkas Adrienn
|
| 245 |
1 |
0 |
|a Németország az Európai Gazdasági és Monetáris Unióban
|h [elektronikus dokumentum] /
|c Adrienn Farkas
|
| 246 |
1 |
0 |
|a Germany in the European Economic and Monetary Union
|h [elektronikus dokumentum]
|
| 260 |
|
|
|c 2019
|
| 650 |
|
4 |
|a Gazdaságtudományok
|
| 700 |
1 |
|
|a Pelle Anita
|e ths
|
| 856 |
4 |
0 |
|u http://diploma.bibl.u-szeged.hu/id/eprint/81726/1/2019_farkas_adrienn.pdf
|z Dokumentum-elérés
|